ბათუმის შოთა რუსთაველის სახელმწიფო უნივერსიტეტის ბიბლიოთეკა

პაოლო იაშვილის ცხოვრება და შემოქმედება (ბიბ.ჩანაწერი № 43105)

000 -LEADER
fixed length control field 00810nam a2200217Ia 4500
001 - CONTROL NUMBER
control field 9826
003 - CONTROL NUMBER IDENTIFIER
control field GE_BSU
008 - FIXED-LENGTH DATA ELEMENTS--GENERAL INFORMATION
fixed length control field 181216s||||||||xx |||||||||||||| ||und||
040 ## - CATALOGING SOURCE
Transcribing agency GE_BSU
080 ## - UNIVERSAL DECIMAL CLASSIFICATION NUMBER
Universal Decimal Classification number 821.353.1(092 იაშვილი,პ)+821.353.1.09
100 ## - MAIN ENTRY--PERSONAL NAME
Personal name ნიკოლეიშვილი,ავთანდილ
245 ## - TITLE STATEMENT
Title პაოლო იაშვილის ცხოვრება და შემოქმედება
245 ## - TITLE STATEMENT
Statement of responsibility, etc. რედ: მერკვილაძე,გიორგი
260 ## - PUBLICATION, DISTRIBUTION, ETC.
Place of publication, distribution, etc. ქუთაისი
260 ## - PUBLICATION, DISTRIBUTION, ETC.
Name of publisher, distributor, etc. საწუთრო
260 ## - PUBLICATION, DISTRIBUTION, ETC.
Date of publication, distribution, etc. 1995
300 ## - PHYSICAL DESCRIPTION
Extent 304გვ.18სმ
653 ## - INDEX TERM--UNCONTROLLED
Uncontrolled term პაოლო იაშვილის ცხოვრება და შემოქმედება
942 ## - ADDED ENTRY ELEMENTS (KOHA)
Koha item type წიგნი
ეგზემპლარები
Withdrawn status Lost status Damaged status Not for loan Date acquired Barcode Date last seen Price effective from Koha item type
        2018-12-17 33218 2018-12-17 2018-12-17 წიგნი
        2018-12-17 33219 2018-12-17 2018-12-17 წიგნი
        2018-12-17 33220 2018-12-17 2018-12-17 წიგნი
        2018-12-17 33221 2018-12-17 2018-12-17 წიგნი